<?xml version="1.0" encoding="UTF-8"?>
<record
    xmlns:xsi="http://www.w3.org/2001/XMLSchema-instance"
    xsi:schemaLocation="http://www.loc.gov/MARC21/slim http://www.loc.gov/standards/marcxml/schema/MARC21slim.xsd"
    xmlns="http://www.loc.gov/MARC21/slim">

  <leader>01081nac a22002171u 4500</leader>
  <controlfield tag="008">100721s1956    eu|||||| |||  10| 0ara d </controlfield>
  <datafield tag="082" ind1=" " ind2=" ">
    <subfield code="a">229.4242</subfield>
    <subfield code="b">&#x631; &#x636; &#x627;</subfield>
    <subfield code="2">22</subfield>
  </datafield>
  <datafield tag="100" ind1=" " ind2=" ">
    <subfield code="a">&#x631;&#x636;&#x627; &#x60C; &#x627;&#x644;&#x633;&#x64A;&#x62F; &#x645;&#x62D;&#x645;&#x62F; &#x631;&#x634;&#x64A;&#x62F; </subfield>
    <subfield code="9">16623</subfield>
  </datafield>
  <datafield tag="111" ind1=" " ind2=" ">
    <subfield code="9">16627</subfield>
  </datafield>
  <datafield tag="245" ind1=" " ind2=" ">
    <subfield code="a">&#x627;&#x644;&#x648;&#x62D;&#x649; &#x627;&#x644;&#x645;&#x62D;&#x645;&#x62F;&#x649;  :</subfield>
    <subfield code="b">&#x62B;&#x628;&#x648;&#x62A; &#x627;&#x644;&#x646;&#x628;&#x648;&#x629; &#x628;&#x627;&#x644;&#x642;&#x631;&#x622;&#x646; &#x648;&#x62F;&#x639;&#x648;&#x629; &#x634;&#x639;&#x648;&#x628; &#x627;&#x644;&#x645;&#x62F;&#x64A;&#x646;&#x629; &#x627;&#x644;&#x649; &#x627;&#x644;&#x627;&#x633;&#x644;&#x627;&#x645; &#x62F;&#x64A;&#x646; &#x627;&#x644;&#x627;&#x62E;&#x648;&#x629; &#x627;&#x644;&#x627;&#x646;&#x633;&#x627;&#x646;&#x64A;&#x629; &#x648;&#x627;&#x644;&#x633;&#x644;&#x627;&#x645; /</subfield>
    <subfield code="c">&#x627;&#x644;&#x633;&#x64A;&#x62F; &#x645;&#x62D;&#x645;&#x62F; &#x631;&#x634;&#x64A;&#x62F; &#x631;&#x636;&#x627;</subfield>
  </datafield>
  <datafield tag="250" ind1=" " ind2=" ">
    <subfield code="a">6th ed.</subfield>
  </datafield>
  <datafield tag="260" ind1=" " ind2=" ">
    <subfield code="a">&#x627;&#x644;&#x642;&#x627;&#x647;&#x631;&#x629;  :</subfield>
    <subfield code="b">&#x645;&#x637;&#x628;&#x639;&#x629; &#x646;&#x647;&#x636;&#x629; &#x645;&#x635;&#x631; &#x60C; 1956</subfield>
    <subfield code="c">1956.</subfield>
  </datafield>
  <datafield tag="300" ind1=" " ind2=" ">
    <subfield code="a">315 &#x635;&#x61B;</subfield>
    <subfield code="c">24 &#x633;&#x645;.</subfield>
  </datafield>
  <datafield tag="511" ind1=" " ind2=" ">
    <subfield code="a">Catalogued by: Sara</subfield>
  </datafield>
  <datafield tag="541" ind1=" " ind2=" ">
    <subfield code="a">&#x627;&#x644;&#x641; &#x628;&#x627;&#x621; &#x61B;</subfield>
    <subfield code="c">&#x634;&#x631;&#x627;&#x621; &#x61B;</subfield>
  </datafield>
  <datafield tag="650" ind1=" " ind2=" ">
    <subfield code="a">&#x627;&#x644;&#x642;&#x631;&#x622;&#x646;&#x60C; &#x62F;&#x641;&#x639; &#x645;&#x637;&#x627;&#x639;&#x646;</subfield>
    <subfield code="9">16716</subfield>
  </datafield>
  <datafield tag="650" ind1=" " ind2=" ">
    <subfield code="a">&#x627;&#x644;&#x648;&#x62D;&#x64A; &#x641;&#x64A; &#x627;&#x644;&#x642;&#x631;&#x622;&#x646;</subfield>
    <subfield code="9">16773</subfield>
  </datafield>
  <datafield tag="710" ind1=" " ind2=" ">
    <subfield code="a">&#x627;&#x644;&#x645;&#x624;&#x62A;&#x645;&#x631; - &#x627;&#x644;&#x627;&#x633;&#x644;&#x627;&#x645;&#x649; </subfield>
    <subfield code="9">16626</subfield>
  </datafield>
  <datafield tag="942" ind1=" " ind2=" ">
    <subfield code="c">BB</subfield>
    <subfield code="k">229.4242 &#x631; &#x636; &#x627;</subfield>
    <subfield code="2">ddc</subfield>
  </datafield>
  <datafield tag="999" ind1=" " ind2=" ">
    <subfield code="c">5999</subfield>
    <subfield code="d">5999</subfield>
  </datafield>
  <datafield tag="952" ind1=" " ind2=" ">
    <subfield code="0">0</subfield>
    <subfield code="1">0</subfield>
    <subfield code="2">ddc</subfield>
    <subfield code="4">0</subfield>
    <subfield code="7">0</subfield>
    <subfield code="8">Alef-Baa</subfield>
    <subfield code="a">MAIN</subfield>
    <subfield code="b">MAIN</subfield>
    <subfield code="c">LOW</subfield>
    <subfield code="d">2010-07-25</subfield>
    <subfield code="e">purchase</subfield>
    <subfield code="o">229.4242 &#x631; &#x636; &#x627;</subfield>
    <subfield code="p">000007581</subfield>
    <subfield code="r">2025-07-15 00:00:00</subfield>
    <subfield code="y">BB</subfield>
  </datafield>
</record>
